| 000 | 00413nab a22001457 4500 | ||
|---|---|---|---|
| 003 | ES-SlBCS | ||
| 005 | 20230318142931.0 | ||
| 008 | 191118s2019 sp ||||| |||| 00| 0 spa d | ||
| 040 |
_aES-SlBCS _bspa |
||
| 041 | _aspa | ||
| 100 | 1 |
_aRojas Salazar, Marilú _9116810 |
|
| 245 | 1 | 0 |
_aLiturgia queer _cMarilú Rojas Salazar |
| 773 | 0 |
_gNúm. 383, 2019, págs. 107-116 _tConcilium _wRev134 _x0210-1041 |
|
| 942 |
_2lcc _cAR |
||
| 999 |
_c482312 _d482312 |
||